<?xml version="1.0" encoding="UTF-8"?>
<record
    xmlns:xsi="http://www.w3.org/2001/XMLSchema-instance"
    xsi:schemaLocation="http://www.loc.gov/MARC21/slim http://www.loc.gov/standards/marcxml/schema/MARC21slim.xsd"
    xmlns="http://www.loc.gov/MARC21/slim">

  <leader>02556    a2200193   4500</leader>
  <controlfield tag="003">Nust</controlfield>
  <controlfield tag="005">20230525111514.0</controlfield>
  <datafield tag="010" ind1=" " ind2=" ">
    <subfield code="a">31031330</subfield>
  </datafield>
  <datafield tag="040" ind1=" " ind2=" ">
    <subfield code="c">Nust</subfield>
  </datafield>
  <datafield tag="082" ind1=" " ind2=" ">
    <subfield code="a">823,DAN</subfield>
  </datafield>
  <datafield tag="100" ind1=" " ind2=" ">
    <subfield code="a">Dane, Clemence</subfield>
    <subfield code="9">107581</subfield>
  </datafield>
  <datafield tag="245" ind1=" " ind2=" ">
    <subfield code="a">Broome stages /</subfield>
    <subfield code="c">Clemence Dane</subfield>
  </datafield>
  <datafield tag="260" ind1=" " ind2=" ">
    <subfield code="a">London,</subfield>
    <subfield code="b">Heinemann</subfield>
    <subfield code="c">1931</subfield>
  </datafield>
  <datafield tag="300" ind1=" " ind2=" ">
    <subfield code="a">viii, 703 p</subfield>
    <subfield code="b">23 cm</subfield>
  </datafield>
  <datafield tag="505" ind1=" " ind2=" ">
    <subfield code="a">All the Broomes (Page-1), The First Richard Broome is taught a Charm (Page-3), Richard Broome has a stage fail (Page-8), Trials of a Grandfather (Page-13), Robert Broome and his son over (Page-24), The Wybirds talk it over (Page-44), The lady&#x2019;s Battle (Page-54), A Broome husband and a broome wife (Page-69), William broome and his son Russel (Page-90), Lettice&#x2019;s sons and Lionel&#x2019;s Daughter (Page-103), Harry Broome in Management (Page-123), &#x201C;My son&#x2019;s my son till&#x201D; (Page-136), Dear maud (Page-142), Dearest Maud (Page-152), Robin Broome, playwright (Page-155), Myrtle and orange blossom (Page-165), The crystal palace (Page-171), Education of married couple (Page-182), The broomes are together again (Page-202), Nemo me inpune lacessit (Page-230), Can a broome be too claver ? (Page-241), Summer is over (Page-246), Harry broome and his faughter Domina (Page-253), Moonlight on a brother and sister (Page-277), Oberon (Page-293), Donna has charm after all (Page-307), The earthly paradise (Page-318), Who mourns for Adonais ? (Page-324), Harry broome writes to his daughter (Page-333), Lettice looks on (Page-342), Show in paradise (Page-348), harry broome is Generous (Page-352), Snow everywhere (Page-369), Three broome woman (Page-374), Stephen has it out with Donna (Page-378), Fever (Page-398), Broomes benefit (Page-407), The eldest hath borne most (Page-416), Interlude in a new world (Page-430), Edmund a broome (Page-440), The price of war (Page-446), The price of peace (Page-470), A new broome sweeps clean (Page-482), Elinor (Page-500), Engaged to Lewis wybird (Page-512), reckon, beckon (Page-522), A wedding dress (Page-534), Domina broome last management (Page-545), Kingdom come (Page-553), Edmund broome and his family (Page-563), A Rehearsal (Page-582), Elinor walks home (Page-592), Richard, Henry, Geoffary and John (Page-598), Elinor and her sons (Page-618), John&#x2019;s war (Page-627), Alys Broome (Page-642), Edmund and his son Richard (Page-652), Richard&#x2019;s star (Page-662), Edmunf broome watches two shows (Page-676), taken in execution (Page-690), Richard and John (Page-695).</subfield>
  </datafield>
  <datafield tag="600" ind1=" " ind2=" ">
    <subfield code="a">Dane, Clemence</subfield>
    <subfield code="9">107581</subfield>
  </datafield>
  <datafield tag="650" ind1=" " ind2=" ">
    <subfield code="a">Novel</subfield>
    <subfield code="9">2525</subfield>
  </datafield>
  <datafield tag="942" ind1=" " ind2=" ">
    <subfield code="2">ddc</subfield>
    <subfield code="c">BK</subfield>
  </datafield>
  <datafield tag="999" ind1=" " ind2=" ">
    <subfield code="c">186752</subfield>
    <subfield code="d">186752</subfield>
  </datafield>
  <datafield tag="952" ind1=" " ind2=" ">
    <subfield code="0">0</subfield>
    <subfield code="1">0</subfield>
    <subfield code="2">ddc</subfield>
    <subfield code="4">0</subfield>
    <subfield code="7">0</subfield>
    <subfield code="a">MCS</subfield>
    <subfield code="b">MCS</subfield>
    <subfield code="c">FIC</subfield>
    <subfield code="d">2016-12-12</subfield>
    <subfield code="o">823,DAN</subfield>
    <subfield code="p">MCS30160</subfield>
    <subfield code="r">2016-12-08</subfield>
    <subfield code="w">2016-12-12</subfield>
    <subfield code="y">BK</subfield>
    <subfield code="z">Almirah No.57, Shelf No.5</subfield>
  </datafield>
</record>
